MARC

LEADER 00000nam1a2200000 4500
001 380348
005 20231101062647.0
035 |a (RuTPU)RU\TPU\prd\1184 
035 |a BOOK00001184 
090 |a 380348 
100 |a 20011210a20019999m y0rusy50 ca 
101 0 |a rus 
102 |a RU 
200 1 |a Радиомир  |e ежемесячный массовый журнал  |f ООО "НТК "Радиомир" 
210 |a Москва  |d 2001- 
326 |a 12 номеров в год 
430 1 |0 (RuTPU)RU\TPU\prd\324  |x 0869-0510  |t Радиолюбитель  |o научно-популярный журнал  |c Москва  |c Минск  |d 1995-2001 
469 |0 (RuTPU)RU\TPU\subscr\496 
610 1 |a радиотехника 
610 1 |a радио 
610 1 |a радиолюбители 
610 1 |a радиолюбительство 
610 1 |a бытовая радиоаппаратура 
610 1 |a связь 
610 1 |a бытовая электроаппаратура 
610 1 |a антенны 
610 1 |a схемотехника 
610 1 |a электронные компоненты 
675 |a 621.396  |v 3 
712 0 2 |a ООО "НТК "Радиомир"  |4 570 
801 0 |a RU  |b 63413507  |c 20011210  |g PSBO 
801 2 |a RU  |b 63413507  |c 20180119  |g PSBO 
856 4 |u http://radio-mir.com 
942 |c CR 
969 |0 001RU\TPU\subscr\496